MECHANICS OF STRUCTURE (Record no. 582551)

000 -LEADER
fixed length control field 00240nam a22001097a 4500
082 ## - DEWEY DECIMAL CLASSIFICATION NUMBER
Classification number 620.1 JUN'M
100 ## - MAIN ENTRY--PERSONAL NAME
Personal name JUNNARKAR, S.B
9 (RLIN) 42702
245 ## - TITLE STATEMENT
Title MECHANICS OF STRUCTURE
260 ## - PUBLICATION, DISTRIBUTION, ETC.
Place of publication, distribution, etc. KARACHI
Name of publisher, distributor, etc. UNION
Date of publication, distribution, etc. 1966
300 ## - PHYSICAL DESCRIPTION
Extent 280 P
942 ## - ADDED ENTRY ELEMENTS (KOHA)
Koha item type Book
Holdings
Withdrawn status Lost status Source of classification or shelving scheme Damaged status Not for loan Permanent Location Current Location Shelving location Date acquired Full call number Barcode Date last seen Price effective from Koha item type Public note Total Checkouts
          College of Electrical & Mechanical Engineering (CEME) College of Electrical & Mechanical Engineering (CEME) General Stacks 06/06/2017 620.1 JUN'M CEME-9884 06/28/2021 06/28/2021 Book 4.1  
          College of Electrical & Mechanical Engineering (CEME) College of Electrical & Mechanical Engineering (CEME) General Stacks 06/06/2017 620.1 JUN'M CEME-9885 06/28/2021 06/28/2021 Book    
          College of Electrical & Mechanical Engineering (CEME) College of Electrical & Mechanical Engineering (CEME) General Stacks 06/06/2017 620.1 JUN'M CEME-9875 06/28/2021 06/28/2021 Book    
          College of Electrical & Mechanical Engineering (CEME) College of Electrical & Mechanical Engineering (CEME) General Stacks 06/06/2017 620.1 JUN'M CEME-9876 06/28/2021 06/28/2021 Book    
© 2023 Central Library, National University of Sciences and Technology. All Rights Reserved.